Miasta województwa warmińsko-mazurskiego #2 (dawne nazwy) - Statystyki

Ogólne statystyki
  • Ten quiz został rozwiązany 58 razy
  • Średni wynik to 9 z 16
Statystyki odpowiedzi
Niemieckie: Polskie: % Poprawnych
Braunsberg Braniewo
80%
Mohrungen Morąg
77%
Frauenburg Frombork
75%
Rößel Reszel
70%
Tolkemit Tolkmicko
66%
Bischofsburg Biskupiec
64%
Löbau Lubawa
61%
Marggrabowa Olecko
61%
Lautenburg Lidzbark
59%
Angerburg Węgorzewo
59%
Hohenstein Olsztynek
55%
Niedersee Ruciane Nida
50%
Wormditt Orneta
45%
Seeburg Jeziorany
34%
Willenberg Wielbark
34%
Saalfeld i. Ostpreussen Zalewo
30%
Nie znaleziono quizów pasujących do podanych kryteriów
Rozkład punktacji
Procent ludzi z każdym wynikiem
Percentyl według liczby udzielonych odpowiedzi
Twoja historia wyników
Nie rozwiązałeś tego quizu